| 000 | 01553nam0a2200325 4500 | ||
|---|---|---|---|
| 001 | RU\NLR\bibl\391475 | ||
| 005 | 20260407081525.0 | ||
| 021 |
_aRU _b2002-17991п _9668 |
||
| 035 | _a(NLR Aleph) 000385771 | ||
| 090 |
_a484193 _c484193 |
||
| 100 | _a20030117d2002 |||y0rusy50 ca | ||
| 101 | 0 | _arus | |
| 102 | _aRU | ||
| 105 | _aa ||||||||| | ||
| 200 | 1 | _a4-я Конференция аналитиков и экспертов России, стран СНГ и зарубежных фирм | |
| 210 |
_aМ. _cВИНИТИ _d2002 |
||
| 215 |
_a40 с. _cил. _d29 |
||
| 225 | 1 |
_aНаучно-техническая информация _hСерия 1 _iОрганизация и методика информационной работы _eЕжемес. науч.-техн. сб. _fВсерос. ин-т науч. и техн. информ. (ВИНИТИ) _x0548-0019 _vN 7 |
|
| 320 | _aБиблиогр. : с. 39 | ||
| 606 | 0 |
_aГосударственное управление _jСъезды, совещания и т.п. _xИнформационное обеспечение _92038202 _3RU\NLR\auth\661223538 |
|
| 686 | _aУ39(2)я431 | ||
| 686 | _aХ621с51я431 | ||
| 686 | _aХ621ф.я431 | ||
| 710 | 1 | 2 |
_aКонференция аналитиков и экспертов России, стран СНГ и зарубежных фирм _d4 _f2002 _eМосква _3RU\NLR\AUTH\8810042068 _9583536 |
| 801 | 0 |
_aRU _bNLR _c20030418 _gPSBO |
|
| 801 | 1 |
_aRU _bNLR _c20030418 |
|
| 852 |
_aNLR _jБ п258А |
||
| 942 | _cBOOK | ||
| 980 | _aNB | ||